000 00659nam a2200229Ia 4500
001 16707
003 GE_BSU
008 181216s||||||||xx |||||||||||||| ||und||
040 _cGE_BSU
080 _a821.161.1-31
100 _aიანი, ვ.
245 _aჩინგიზ-ხანი
245 _bრომანი
245 _cთარგმ. ქეთევან ნადირაძისა
260 _aთბილისი
260 _bსაბლიტგამი
260 _c1958
300 _a387 გვ. : ილ. ; 22 სმ
653 _aრომანი
653 _aჩინგიზ-ხანი
942 _cBK
999 _c49772
_d49772